000 00562 a2200193 4500
999 _c183086
_d183086
005 20211216111546.0
010 _aENG-130356
020 _c130.00
_a978-93-88424-19-6
035 _aEN-113888
037 _bDBAD / PUB
082 _aS
100 _aMahi
245 _aSherlock Holmes The master Plan:
_cMahi
250 _a2019
260 _bVishwakarma Publications
_c2019
_aPune
270 _bPune
_a34A/1, Suyog Center, 7th Floor, Gultekadi Marketyard Road, Giridhar Bhavan Chowk
_e411037
300 _a103p.
_c21cm (pbk)
942 _adpl
_cEN
_2ddc
_hS
_mMAH